100 (well, 18) Largest US Cities - U - Statistics

General Stats
  • This quiz has been taken 118 times
  • The average score is 7 of 18
Answer Stats
Rank Population City % Correct
15 12,554 Union, MO
75%
4 59,170 Utica, NY
74%
2 73,201 Union City, CA
64%
11 23,461 Union City, GA
64%
3 67,698 Union City, NJ
64%
18 10,163 Union City, TN
64%
1 77,754 Upland, CA
46%
6 41,684 Urbana, IL
34%
17 11,450 Urbana, OH
34%
13 15,907 Uvalde, TX
28%
9 33,895 University City, MO
26%
10 24,755 University Park, TX
23%
12 21,272 Universal City, TX
18%
5 45,279 Urbandale, IA
16%
14 15,683 Ukiah, CA
14%
16 12,551 University Heights, OH
14%
8 34,565 University Place, WA
11%
7 35,240 Upper Arlington, OH
11%
No matching quizzes found
Score Distribution
Percent of People with Each Score
Percentile by Number Answered
Your Score History
You have not taken this quiz